书目信息 |
| 题名: |
可编程控制器原理及应用
|
|
| 作者: | 宫淑贞 编著 | |
| 分册: | ||
| 出版信息: | 北京 人民邮电出版社 2002.07 |
|
| 页数: | 355页 | |
| 开本: | 26cm | |
| 丛书名: | ||
| 单 册: | ||
| 中图分类: | TP332.3 | |
| 科图分类: | ||
| 主题词: | 电子数字计算机 | |
| 电子资源: | ||
| ISBN: | 7-115-10316-X | |
| 000 | 00596nam0 2200193 45 | |
| 001 | 0360512115 | |
| 005 | 2003042516483211 | |
| 010 | @a7-115-10316-X@dRMB 30.00 | |
| 100 | @a20030425d2002 km y0chiy0120 ea | |
| 101 | 0 | @achi |
| 102 | @aCN@b110000 | |
| 200 | 1 | @a可编程控制器原理及应用@Ake bian cheng kong zhi qi yuan li ji ying yong@f宫淑贞等编著@Fgong shu zhen deng bian zhu |
| 210 | @a北京@c人民邮电出版社@d2002.07 | |
| 215 | @a355页@d26cm | |
| 606 | 0 | @a电子数字计算机 |
| 690 | @aTP332.3@v4 | |
| 701 | 0 | @a宫淑贞@Agong shu zhen@4编著 |
| 801 | 0 | @aCN@bPFT@c20030425 |
| 905 | @a10447@dTP332.3@eG375 | |
| 可编程控制器原理及应用/宫淑贞等编著.-北京:人民邮电出版社,2002.07 |
| 355页;26cm |
| ISBN 7-115-10316-X:RMB 30.00 |
| ● |
| 相关链接 |
|
|
|
正题名:可编程控制器原理及应用
索取号:TP332.3/G375
 
预约/预借
| 序号 | 登录号 | 条形码 | 馆藏地/架位号 | 状态 | 备注 |
| 1 | 366504 | 203665042 | 自科库301/301自科库 61排3列5层/ [索取号:TP332.3/G375] | 在馆 |